[Event "Cto por Equipos de Aragon-Preferente II"]
[Site ""]
[Date "2023.03.18"]
[Round "8.64"]
[White "Juberias Segura, Santiago"]
[Black "Sanjuan Segura, Ignacio"]
[Result "0-1"]
[WhiteElo "2042"]
[BlackElo "1820"]
[PlyCount "0"]
[WhiteTeam "Utebo San Lamberto A"]
[BlackTeam "Palacio De Pioneros C"]
[EventDate "2023.01.28"]

1. c4 Nf6 2. g3 e6 3. Bg2 d5 4. Nf3 Be7 5. O-O O-O 6. d4 dxc4 7. Na3 Bxa3 8.
bxa3 b5 9. a4 a6 10. Ne5 Nd5 11. e4 Nb6 12. Ba3 Re8 13. Qc2 Qxd4 14. Bb2 Qc5
15. Rfd1 Nxa4 16. Bd4 Qa3 17. Re1 Nb6 18. Re3 Qe7 19. Rf1 f6 20. Nf3 e5 21. Ba1
Nc6 22. Nh4 Nd4 23. Qd1 c5 24. f4 g6 25. f5 g5 26. Nf3 Bb7 27. g4 Rad8 28. Qc1
h6 29. h4 Nxf3+ 30. Bxf3 Rd3 31. Re2 Kg7 32. Rh2 Rh8 33. Rff2 Rdd8 34. Rh3 Nc8
35. Rfh2 Nd6 36. Qe3 Nf7 37. Kg2 Rd3 38. Qe2 Qd6 39. Kg3 gxh4+ 40. Kxh4 Ng5 41.
Rg3  0-1

[Event "Cto por Equipos de Aragon-Preferente II"]
[Site ""]
[Date "2023.03.18"]
[Round "8.65"]
[White "Cacho Almorin, Javier"]
[Black "Lopez Guaita, Fernando"]
[Result "0-1"]
[WhiteElo "1668"]
[BlackElo "1836"]
[PlyCount "0"]
[WhiteTeam "Palacio De Pioneros C"]
[BlackTeam "Utebo San Lamberto A"]
[EventDate "2023.01.28"]

1. e4 c6 2. Nf3 d5 3. e5 Bg4 4. d4 e6 5. Be2 c5 6. c3 Nc6 7. O-O Rc8 8. dxc5
Bxc5 9. Be3 Bxe3 10. fxe3 Nge7 11. Nbd2 Nf5 12. Qb3 Nxe3 13. Rf2 Qe7 14. c4
Nxc4 15. Bxc4 Bxf3 16. Nxf3 dxc4 17. Qxc4 O-O 18. Qe4 Qb4 19. Qe3 Rcd8 20. Raf1
h6 21. h3 Rd5 22. Nh2 Rxe5 23. Qg3 Qc5 24. h4 Nd4 25. Kh1 Nf5  0-1

[Event "Cto por Equipos de Aragon-Preferente II"]
[Site ""]
[Date "2023.03.18"]
[Round "8.66"]
[White "Olivan Lopez, Dario"]
[Black "Crespo Laborda, Alberto"]
[Result "1-0"]
[WhiteElo "1787"]
[BlackElo "1600"]
[PlyCount "0"]
[WhiteTeam "Utebo San Lamberto A"]
[BlackTeam "Palacio De Pioneros C"]
[EventDate "2023.01.28"]

1. e4 e6 2. d4 d5 3. Bd3 dxe4 4. Bxe4 Nf6 5. Bf3 c5 6. Ne2 Nc6 7. Be3 cxd4 8.
Nxd4 Nxd4 9. Qxd4 Be7 10. Qxd8+ Bxd8 11. Nc3 Bd7 12. O-O-O Bc6 13. Bxc6+ bxc6
14. Rd6 Rc8 15. Bxa7 Nd5 16. Nxd5 exd5 17. Re1+ Be7 18. Bd4 Rg8 19. f4 c5 20.
Bf2 d4 21. Ra6 Kf8 22. Ra7 Re8 23. c3 g5 24. cxd4 gxf4 25. d5 Rxg2 26. Raxe7
Rxe7 27. Bxc5 f6 28. Bxe7+ Kg7 29. Bc5  1-0

[Event "Cto por Equipos de Aragon-Preferente II"]
[Site ""]
[Date "2023.03.18"]
[Round "8.67"]
[White "Aliaga Cebrian, Luis Angel"]
[Black "Moursy Sadek, Tarek"]
[Result "0-1"]
[WhiteElo "1500"]
[BlackElo "1709"]
[PlyCount "0"]
[WhiteTeam "Palacio De Pioneros C"]
[BlackTeam "Utebo San Lamberto A"]
[EventDate "2023.01.28"]

1. e4 e5 2. Nf3 Nc6 3. c3 Nf6 4. Bb5 d6 5. O-O Bd7 6. d4 exd4 7. cxd4 Be7 8. Nc3
O-O 9. Qc2 Bg4 10. Bxc6 bxc6 11. Qd3 Re8 12. Nh4 Qc8 13. h3 Bd7 14. g4 Nxg4 15.
Qg3 Nf6 16. f4 Bxh3 17. f5 Bxf1 18. Kxf1 Nh5 19. Qg4 g6 20. Bg5 Bxg5 21. Qxg5
Qd8 22. Qg4 Nf6 23. Qg2 Nxe4 24. Nxg6 fxg6 25. Nxe4 d5 26. Ng5 Qf6 27. Qg4 Rf8 
0-1

[Event "Cto por Equipos de Aragon-Preferente II"]
[Site ""]
[Date "2023.03.18"]
[Round "8.68"]
[White "Muro Guerrero, Miguel"]
[Black "Sanchez Herrera, Miguel"]
[Result "1-0"]
[WhiteElo "1939"]
[BlackElo "2064"]
[PlyCount "0"]
[WhiteTeam "Dr. Azua A"]
[BlackTeam "Agrupacion A"]
[EventDate "2023.01.28"]

1. e4 c5 2. Nf3 Nc6 3. d4 cxd4 4. Nxd4 Nf6 5. Nc3 e5 6. Ndb5 d6 7. Bg5 a6 8.
Bxf6 gxf6 9. Na3 b5 10. Nd5 Bg7 11. c3 f5 12. Bd3 O-O 13. exf5 e4 14. Bxe4 Re8
15. f3 b4 16. Nc4 Rxe4+ 17. fxe4 Qh4+ 18. Kf1 Qxe4 19. Nxd6 Qe5 20. Nb6 Qf4+
21. Qf3 Qxd6 22. Nxa8 bxc3 23. bxc3 a5 24. Re1 Ba6+ 25. Kg1 Qd8 26. Nc7 Ne5 27.
Qa8 Bc8 28. Nd5 Bf8 29. Rxe5 Kg7 30. f6+ Kh6 31. Qa7 Qd6 32. Qe3+ 1-0

[Event "Cto por Equipos de Aragon-Preferente II"]
[Site ""]
[Date "2023.03.18"]
[Round "8.69"]
[White "Barros Gutierrez, Angel Luis"]
[Black "Cajo Esteban, Ruben"]
[Result "1-0"]
[WhiteElo "2051"]
[BlackElo "1865"]
[PlyCount "0"]
[WhiteTeam "Agrupacion A"]
[BlackTeam "Dr. Azua A"]
[EventDate "2023.01.28"]

1. d4 d5 2. c4 e6 3. Nc3 Nf6 4. Bg5 Be7 5. e3 c6 6. Nf3 Nbd7 7. Qc2 O-O 8. a3
h6 9. Bf4 Re8 10. h3 a6 11. Rd1 dxc4 12. Bxc4 b5 13. Ba2 Bb7 14. O-O Nd5 15.
Bb1 Nf8 16. Bg3 Nxc3 17. Qxc3 Qb6 18. Rc1 Rac8 19. b4 a5 20. Ne5 axb4 21. axb4
Qa6 22. Be4 Qa4 23. Nd3 Qa7 24. Nc5 Bxc5 25. dxc5 Ba6 26. Ra1 Qb7 27. Ra5 Ra8
28. Rfa1 Ra7 29. R1a2 Rea8 30. Be5 f5 31. Bf3 Qc8 32. h4 Rd7 33. Qa1 Rda7 34.
R2a3 g5 35. hxg5 hxg5 36. g4 Ng6 37. Bf6 Nh4 38. Bd1 fxg4 39. Bxg4 Nf5 40. Qe5
Rf7 41. e4 Qd7 42. Rxa6 Raf8 43. Ra7 1-0

[Event "Cto por Equipos de Aragon-Preferente II"]
[Site ""]
[Date "2023.03.18"]
[Round "8.70"]
[White "Garcia Garcia, Enrique"]
[Black "Mimbela Lopez, Luis"]
[Result "1-0"]
[WhiteElo "1797"]
[BlackElo "2016"]
[PlyCount "0"]
[WhiteTeam "Dr. Azua A"]
[BlackTeam "Agrupacion A"]
[EventDate "2023.01.28"]

1. d4 Nf6 2. c4 g6 3. Nc3 Bg7 4. e4 d6 5. Nf3 O-O 6. h3 e5 7. d5 Nbd7 8. Bg5 a5
9. Nd2 Nc5 10. b3 h6 11. Be3 Ne8 12. g4 c6 13. a3 f5 14. gxf5 gxf5 15. Rg1 f4
16. Bxc5 dxc5 17. Qh5 Kh8 18. Nf3 Nf6 19. Qg6 Qe7 20. Nxe5 Nxe4 21. Qxh6+ Bxh6
22. Ng6+ Kh7 23. Nxe7 Re8 24. Nxe4 Rxe7 25. f3 Bg7 26. O-O-O cxd5 27. Rxd5 a4
28. Nf6+ 1-0

[Event "Cto por Equipos de Aragon-Preferente II"]
[Site ""]
[Date "2023.03.18"]
[Round "8.71"]
[White "Carruez Berges, Santiago"]
[Black "Abenia Porroche, Roberto"]
[Result "1/2-1/2"]
[WhiteElo "1930"]
[BlackElo "1699"]
[PlyCount "0"]
[WhiteTeam "Agrupacion A"]
[BlackTeam "Dr. Azua A"]
[EventDate "2023.01.28"]

1. e4 e5 2. Nf3 Nc6 3. Bb5 a6 4. Ba4 Nf6 5. O-O d6 6. Re1 b5 7. Bb3 Na5 8. d3
Be7 9. Bd2 Nxb3 10. axb3 O-O 11. h3 Bb7 12. Nc3 Ne8 13. Nd5 f5 14. c4 fxe4 15.
dxe4 Nf6 16. Ba5 Bxd5 17. exd5 Nd7 18. Nd2 Nc5 19. Ne4 Nxe4 20. Rxe4 Qd7 21.
Qg4 Qxg4 22. hxg4 Rac8 23. Bc3 Ra8 24. Kf1 Bh4 25. Be1 b4 26. Ke2 a5 27. g3 Bg5
28. Ra2 g6 29. Ra1 Bh6 30. f3 Kg7 31. Bf2 Rf7 32. Be3 Bxe3 33. Kxe3 g5 34. f4
gxf4+ 35. gxf4 exf4+ 36. Rxf4 Re8+ 37. Re4 Ref8 38. Kd2 Rf3 39. Re3 Rf2+ 40.
Re2 R2f3 41. Rxa5 Rxb3 42. Kc2 Rg3 43. Rb5 Rxg4 44. Rxb4 Rf7 45. Kd3 h5 46. Re4
Kg6 47. Rb8 Kf5 48. Rbe8 h4 49. R8e7 Rxe7 50. Rxe7 h3 51. Rh7 Rg3+ 52. Ke2 Rg2+
53. Kf3 Rxb2 54. Rxc7 Rb3+ 55. Kf2 Ke5 56. c5 dxc5 57. Rxc5 Rd3 1/2-1/2

[Event "Ctor por Equipos de Aragon-Division de Honor"]
[Site ""]
[Date "2023.03.25"]
[Round "9.1"]
[White "Adla, Diego"]
[Black "Forcen Esteban, Daniel"]
[Result "1/2-1/2"]
[WhiteElo "2400"]
[BlackElo "2576"]
[PlyCount "0"]
[WhiteTeam "MyInvestor Casablanca"]
[BlackTeam "Jaime Casas"]
[EventDate "2023.01.28"]

1. d4 d5 2. c4 e6 3. Nc3 Bb4 4. cxd5 exd5 5. Bf4 Nf6 6. e3 O-O 7. Bd3 c5 8.
Nge2 c4 9. Bc2 Nc6 10. h3 Re8 11. O-O h6 12. a3 Ba5 13. b3 cxb3 14. Bxb3 Bf5
15. Rc1 Rc8 16. Qd2 Ne4 17. Qb2 Nxc3 18. Nxc3 Bxc3 19. Rxc3 Na5 20. Rfc1 Qb6
21. Rxc8 Rxc8 22. Rxc8+ Bxc8 23. Qc3 Be6 24. Bxd5 Qb1+ 25. Kh2 Bxd5 26. Qxa5
Qa2 27. Kg3 a6 28. f3 Bc4 29. e4 Bf1 30. Bd2 Qe6 31. Qf5 Qd6+ 32. Bf4 Qxa3 33.
Qc8+ Kh7 34. Qf5+ Kg8 35. Qc8+ Kh7 36. Qf5+ Kg8 1/2-1/2

[Event "Ctor por Equipos de Aragon-Division de Honor"]
[Site ""]
[Date "2023.03.25"]
[Round "9.2"]
[White "Llorente Zaro, Alfonso"]
[Black "Glavina, Pablo"]
[Result "0-1"]
[WhiteElo "2441"]
[BlackElo "2408"]
[PlyCount "0"]
[WhiteTeam "Jaime Casas"]
[BlackTeam "MyInvestor Casablanca"]
[EventDate "2023.01.28"]

1. e4 e5 2. Nf3 Nc6 3. c3 d5 4. d3 Nf6 5. Nbd2 g6 6. b4 Bg7 7. b5 Ne7 8. c4 O-O
9. cxd5 Nfxd5 10. Bb2 Nf4 11. Nc4 a6 12. g3 axb5 13. gxf4 bxc4 14. Nxe5 c3 15.
Bxc3 Nc6 16. Bg2 Nxe5 17. Bxe5 Bxe5 18. fxe5 Ra3 19. O-O Rxd3 20. Qc2 Rd2 21.
Qc3 Rd3 22. Qc2 c6 23. Rad1 Rxd1 24. Rxd1 Qg5 25. Qc3 Be6 26. a4 Ra8 27. a5 h5
28. Rd3 h4 29. h3 c5 30. Qxc5 Rc8 31. Qe3 Qxe5 32. Qd2 Qc7 33. Qg5 Qc1+ 34.
Qxc1 Rxc1+ 35. Kh2 Rc5 36. Rd8+ Kg7 37. Rb8 Rb5 38. Bf1 Rb3 39. a6 bxa6 40.
Rxb3 Bxb3 41. Bxa6 Kf6 42. f3 Ke5 43. Kg2 Kf4 44. Kf2 Bd1 45. e5 Bb3 46. Bd3
Be6 47. Bf1 Bd5 48. Bg2 Bc4 49. Bh1 Kxe5 50. Bg2 Kf4 51. Bh1 Bd5 52. Bg2 g5 53.
Bh1 f6 54. Bg2 f5 55. Bh1 g4 56. hxg4 fxg4 57. Bg2 Bxf3 58. Bf1 g3+ 59. Kg1 Kg4
60. Bg2 Bxg2 61. Kxg2 Kf4 62. Kg1 h3 63. Kf1 h2 64. Kg2 h1=Q+ 65. Kxh1 Kf3 66.
Kg1 g2 0-1

[Event "Ctor por Equipos de Aragon-Division de Honor"]
[Site ""]
[Date "2023.03.25"]
[Round "9.3"]
[White "Quintin Navarro, Alberto"]
[Black "Antoli Royo, Joaquin Miguel"]
[Result "1/2-1/2"]
[WhiteElo "2373"]
[BlackElo "2404"]
[PlyCount "0"]
[WhiteTeam "MyInvestor Casablanca"]
[BlackTeam "Jaime Casas"]
[EventDate "2023.01.28"]

1. d4 Nf6 2. Nf3 d5 3. c4 c6 4. Nc3 dxc4 5. a4 g6 6. e4 Bg7 7. Bxc4 O-O 8. h3
a5 9. O-O Na6 10. Bf4 Nb4 11. Qd2 b6 12. Rfe1 Ba6 13. Bxa6 Rxa6 14. Bh6 Ra7 15.
Bxg7 Kxg7 16. e5 Ng8 17. Rad1 Qc8 18. e6 f6 19. d5 Rd8 20. Qf4 Nxd5 21. Nxd5
Rxd5 22. Rxd5 cxd5 23. Nd4 Rc7 24. g4 Rc4 25. b3 Rc3 26. Kg2 Qc5 27. Rd1 Qc8
28. h4 Qc5 29. h5 Qc7 30. Qd2 Rc5 31. Re1 Qd6 32. Qe3 Nh6 33. hxg6 Qe5 34. Qd2
Qg5 35. Qxg5 fxg5 36. gxh7 Kxh7 37. f3 Kg6 38. Kg3 Ng8 39. Re2 Rc3 40. Rd2 Kf6
41. Nb5 Rc5 42. Re2 Kg6 43. Nd4 Rc3 44. Rd2 Nf6 45. Kf2 Ne8 46. Nf5 Kf6 47.
Rxd5 Nc7 48. Rd7 Nxe6 49. Rxe7 Nd4 50. Rb7 Rc2+ 51. Ke3 Nxf5+ 52. Kd3 Rc6 53.
gxf5 Ke5 54. Re7+ Kxf5 55. Rf7+ Ke5 56. Rf8 Rf6 57. Rxf6 Kxf6 58. Ke3 Ke5 59.
Kd3 Kd5 60. Ke3 Kc5 61. Kd3 Kd5 62. Ke3 1/2-1/2

[Event "Ctor por Equipos de Aragon-Division de Honor"]
[Site ""]
[Date "2023.03.25"]
[Round "9.4"]
[White "Ramiro Ovejero, Juan Luis"]
[Black "Vela Frago, Alberto"]
[Result "1-0"]
[WhiteElo "2298"]
[BlackElo "2213"]
[PlyCount "0"]
[WhiteTeam "Jaime Casas"]
[BlackTeam "MyInvestor Casablanca"]
[EventDate "2023.01.28"]

1. d4 Nf6 2. Nf3 e6 3. Bg5 c5 4. e3 b6 5. d5 h6 6. Bxf6 Qxf6 7. Nc3 Ba6 8. Bxa6
Nxa6 9. O-O g6 10. e4 e5 11. Qd3 Nc7 12. Nd2 d6 13. a4 Bg7 14. Nb5 Qe7 15.
Nxc7+ Qxc7 16. Qb5+ Ke7 17. Nc4 Qd7 18. Qb3 f5 19. f4 Raf8 20. fxe5 Bxe5 21.
Nxe5 dxe5 22. Qg3 Kf6 23. exf5 gxf5 24. Rxf5+ Qxf5 25. Rf1 Qxf1+ 26. Kxf1 Ke7+
27. Ke2 Kd6 28. Qg6+ Kc7 29. Kd3 Re8 30. Ke4 h5 31. h4 Rd8 32. Qg7+ Kb8 33.
Qxe5+ Ka8 34. Kd3 Rhg8 35. g3 Rd7 36. Kc4 Rg4+ 37. Kb3 Kb7 38. c4 Rf7 39. Qxh5
Rf3+ 40. Ka2 Rfxg3 41. Qf7+ Ka6 42. Qd7 Rxh4 43. Qb5+ Kb7 44. a5 Rh6 45. a6+
Kc7 46. Qe8 Rg2 47. Qe7+ Kc8 48. Qf8+ 1-0

[Event "Ctor por Equipos de Aragon-Division de Honor"]
[Site ""]
[Date "2023.03.25"]
[Round "9.5"]
[White "Cifuentes Parada, Roberto"]
[Black "Hinojar Basa, Alfonso"]
[Result "1/2-1/2"]
[WhiteElo "2410"]
[BlackElo "2164"]
[PlyCount "0"]
[WhiteTeam "Jaque - Aramovil"]
[BlackTeam "Marcos Frechin"]
[EventDate "2023.01.28"]

1. Nf3 d5 2. d4 e6 3. g3 Nf6 4. Bg2 Be7 5. O-O O-O 6. c4 c6 7. Qc2 b6 8. Rd1
Nbd7 9. b3 Ba6 10. Nbd2 c5 11. e4 dxc4 12. Nxc4 cxd4 13. Nxd4 Rc8 14. a4 Bxc4
15. bxc4 Qc7 16. e5 Nxe5 17. Bf4 Nh5 18. Nb5 Qxc4 19. Qxc4 Nxc4 20. Nxa7 Rc5
21. Bc1 Rd8 22. Rxd8+ Bxd8 23. Nc6 Bc7 24. Rb1 Nf6 25. Nb4 Nd5 26. Bxd5 exd5
27. Na6 Rc6 28. Nb4 Rc5 29. Na6 Rc6 1/2-1/2

[Event "Ctor por Equipos de Aragon-Division de Honor"]
[Site ""]
[Date "2023.03.25"]
[Round "9.6"]
[White "Miranda Herrera, Jorge Manuel"]
[Black "Escartin Lacasa, Jose"]
[Result "0-1"]
[WhiteElo "2115"]
[BlackElo "2284"]
[PlyCount "0"]
[WhiteTeam "Marcos Frechin"]
[BlackTeam "Jaque - Aramovil"]
[EventDate "2023.01.28"]

1. e4 c5 2. c3 Nf6 3. e5 Nd5 4. Nf3 d6 5. exd6 Qxd6 6. d4 cxd4 7. Na3 dxc3 8.
Nb5 Qe6+ 9. Be2 a6 10. Ng5 Qf6 11. Qxd5 axb5 12. O-O Nc6 13. Bxb5 Bd7 14. Rd1
Rd8 15. Ne4 Qf5 16. Nxc3 g6 17. Be3 Bg7 18. Qxf5 Bxf5 19. Rxd8+ Kxd8 20. Bb6+
Kc8 21. a4 Nd4 22. Nd5 e6 23. Ne7+ Kb8 24. Nxf5 gxf5 25. Bd7 Ne2+ 26. Kf1 Nf4
27. Rb1 Nd5 28. Bc5 Rd8 29. Bb5 Rc8 30. Be3 Rc2 31. b4 f4 32. Bc1 Bd4 33. Be2
Nc3 34. Bxf4+ e5 35. Rc1 Rxe2 36. Bg3 Rb2 37. f4 Ne2 38. Rc4 Nxg3+ 39. hxg3
Rf2+ 40. Ke1 Rxg2 41. fxe5 Bxe5 42. g4 Rb2 43. Kd1 Bd6 0-1

[Event "Ctor por Equipos de Aragon-Division de Honor"]
[Site ""]
[Date "2023.03.25"]
[Round "9.8"]
[White "Moya Gimeno, Raul"]
[Black "Carrasquer Alonso, Fernando"]
[Result "1-0"]
[WhiteElo "1944"]
[BlackElo "1874"]
[PlyCount "0"]
[WhiteTeam "Marcos Frechin"]
[BlackTeam "Jaque - Aramovil"]
[EventDate "2023.01.28"]

1. e4 d6 2. d4 Nf6 3. Nc3 e5 4. Nf3 Nbd7 5. Bc4 Be7 6. Rg1 O-O 7. g4 Nb6 8. Be2
exd4 9. Nxd4 d5 10. e5 Ne4 11. Bd3 Bc5 12. Be3 Bxd4 13. Bxd4 Nxc3 14. bxc3 Qe7
15. f4 c5 16. Bf2 Re8 17. g5 c4 18. Be2 Bf5 19. Bg4 Qe6 20. Bd4 Na4 21. Kd2 b5
22. Bxf5 Qxf5 23. Qg4 Qxg4 24. Rxg4 a5 25. Rag1 b4 26. R1g3 bxc3+ 27. Bxc3 Nc5
28. Ke2 Ne4 29. Rh3 f6 30. gxf6 Nxf6 31. Rgh4 h6 32. Bd4 Ne4 33. Rg4 Kh7 34. f5
Re7 35. e6 Rf8 36. Rxe4 dxe4 37. Bc5 Rfe8 38. Bxe7 Rxe7 39. Ke3 g6 40. Kxe4 Kg7
41. Rg3 g5 42. Ke5 Rb7 43. f6+ Kg6 44. Rf3 g4 45. f7 Rb5+ 46. Ke4 1-0

[Event "Ctor por Equipos de Aragon-Division de Honor"]
[Site ""]
[Date "2023.03.25"]
[Round "9.9"]
[White "Del Rey, Diego"]
[Black "Garza Marco, Sergio"]
[Result "1-0"]
[WhiteElo "2328"]
[BlackElo "2397"]
[PlyCount "0"]
[WhiteTeam "El Olivar"]
[BlackTeam "Helios"]
[EventDate "2023.01.28"]

1. e4 c5 2. c3 d5 3. exd5 Nf6 4. Nf3 Nxd5 5. Bb5+ Bd7 6. Qb3 e6 7. d4 cxd4 8.
Nxd4 Bc5 9. Nf3 Qb6 10. Bxd7+ Nxd7 11. O-O O-O 12. Qa4 Qc7 13. Nbd2 Be7 14. Ne4
Nc5 15. Nxc5 Qxc5 16. Qe4 Rac8 17. a4 Rfd8 18. Bd2 Bf6 19. Rfd1 a6 20. h4 h6
21. g4 Qc4 22. Re1 Qxe4 23. Rxe4 Be7 24. g5 hxg5 25. hxg5 g6 26. c4 Nc7 27. Bc3
Bf8 28. Bf6 Rd6 29. Kg2 Bg7 30. Rh1 Ne8 31. Be5 Bxe5 32. Nxe5 Ng7 33. Rh8+ Kxh8
34. Nxf7+ Kg8 35. Nxd6 Rc7 36. Re3 Rc6 37. Rd3 e5 38. Ne4 Ne6 39. Rc3 Kf7 40.
c5 Nf4+ 41. Kf3 Ke6 42. Rb3 Rc7 43. Rb6+ Kd5 44. b3 Kd4 45. Rd6+ Nd5 46. Nf6
Rxc5 47. b4 Rc3+ 48. Kg2 1-0

[Event "Ctor por Equipos de Aragon-Division de Honor"]
[Site ""]
[Date "2023.03.25"]
[Round "9.10"]
[White "Navarro Alonso, Jorge"]
[Black "Villuendas Valero, Adrian"]
[Result "0-1"]
[WhiteElo "2186"]
[BlackElo "2259"]
[PlyCount "0"]
[WhiteTeam "Helios"]
[BlackTeam "El Olivar"]
[EventDate "2023.01.28"]

1. e4 e6 2. d4 d5 3. Nc3 Bb4 4. Bd2 dxe4 5. Qg4 Nf6 6. Qxg7 Rg8 7. Qh6 Rg6 8.
Qe3 Nc6 9. Nge2 Bxc3 10. Bxc3 Ne7 11. Qd2 Ned5 12. O-O-O e3 13. fxe3 Ne4 14.
Qe1 Qg5 15. Bd2 Nxd2 16. Qxd2 Nxe3 17. h4 Qh6 18. Rh3 0-1

[Event "Ctor por Equipos de Aragon-Division de Honor"]
[Site ""]
[Date "2023.03.25"]
[Round "9.11"]
[White "Hernando Garcia, Antonio"]
[Black "Cerrajeria Ruiz, Jesus Maria"]
[Result "0-1"]
[WhiteElo "2101"]
[BlackElo "2064"]
[PlyCount "0"]
[WhiteTeam "El Olivar"]
[BlackTeam "Helios"]
[EventDate "2023.01.28"]

1. Nf3 f5 2. c4 g6 3. g3 Bg7 4. Bg2 e5 5. d3 Nc6 6. O-O Nf6 7. Nc3 d6 8. Rb1 a5
9. a3 O-O 10. b4 axb4 11. axb4 Qe8 12. b5 Nd8 13. Nd5 Ne6 14. Nxf6+ Bxf6 15.
Bb2 g5 16. Ra1 Rb8 17. Nd2 g4 18. Re1 Qh5 19. Nf1 f4 20. h3 gxh3 21. Bf3 Qg6
22. Kh2 Kh8 23. Nd2 fxg3+ 24. fxg3 Rg8 25. Ne4 Nd4 26. Rg1 Bg7 27. g4 c6 28. e3
Nxf3+ 29. Qxf3 d5 30. cxd5 cxd5 31. Nf2 Rf8 32. Qg3 Bd7 33. Rgf1 d4 34. exd4
exd4 35. Nxh3 Bxb5 36. Rf4 Rxf4 37. Qxf4 Rf8 38. Qe4 Qd6+ 39. Kg1 Bc6 40. Qe1
Qd5 41. Qe4 Qd7 42. Qe2 Re8 43. Qd1 Qd5 44. Nf4 Qh1+ 45. Kf2 Qh2+ 0-1

[Event "Ctor por Equipos de Aragon-Division de Honor"]
[Site ""]
[Date "2023.03.25"]
[Round "9.12"]
[White "Torcal Miguel, Oscar"]
[Black "Galstyan, David"]
[Result "1/2-1/2"]
[WhiteElo "2055"]
[BlackElo "2040"]
[PlyCount "0"]
[WhiteTeam "Helios"]
[BlackTeam "El Olivar"]
[EventDate "2023.01.28"]

1. c4 e5 2. g3 Nc6 3. Bg2 f5 4. Nc3 Nf6 5. d3 Bb4 6. Bd2 a5 7. Nd5 Bxd2+ 8.
Qxd2 O-O 9. e3 d6 10. Ne2 Nxd5 11. cxd5 Ne7 12. O-O b6 13. f4 Bb7 14. Nc3 Qd7
15. Rac1 b5 16. e4 c6 17. dxc6 Bxc6 18. Qe3 exf4 19. gxf4 d5 20. exd5 Nxd5 21.
Nxd5 Bxd5 22. Qd4 Rad8 23. Rc5 Bxg2 24. Qxd7 Rxd7 25. Kxg2 Rxd3 26. Rxb5 a4 27.
Rf2 Rd4 28. b3 g6 29. Rb7 1/2-1/2

[Event "Ctor por Equipos de Aragon-Division de Honor"]
[Site ""]
[Date "2023.03.25"]
[Round "9.13"]
[White "Lopez Gracia, Fernando"]
[Black "Llanes Luno, Ricardo"]
[Result "1/2-1/2"]
[WhiteElo "2259"]
[BlackElo "2164"]
[PlyCount "0"]
[WhiteTeam "Iberajedrez Mundo 64"]
[BlackTeam "Delicias"]
[EventDate "2023.01.28"]

1. e4 c6 2. d4 d5 3. e5 c5 4. Ne2 Nc6 5. c3 Bf5 6. dxc5 e6 7. Be3 Nxe5 8. Nd4
Bxb1 9. Bb5+ Nd7 10. Rxb1 Ngf6 11. b4 a6 12. Ba4 Qc7 13. O-O Be7 14. f4 O-O 15.
Kh1 b6 16. Nc6 Bd8 17. Nxd8 Rfxd8 18. cxb6 Nxb6 19. Bc2 Nc4 20. Bd4 Ne4 21. Qh5
f5 22. g4 Ncd2 23. gxf5 Nxf1 24. Rxf1 Qf7 25. Qxf7+ Kxf7 26. fxe6+ Kxe6 27.
Bxg7 Kf5 28. a4 Rg8 29. Bd4 Rg4 30. Be5 Rc8 31. Bd3 Rcg8 32. b5 axb5 33. axb5
Ke6 34. Bxe4 dxe4 35. b6 e3 36. Bd4 e2 37. Re1 Kd7 38. Rxe2 Rxf4 39. h3 Rf3 40.
Kh2 Rgg3 41. b7 1/2-1/2

[Event "Ctor por Equipos de Aragon-Division de Honor"]
[Site ""]
[Date "2023.03.25"]
[Round "9.14"]
[White "Lamas Mercadal, Manuel"]
[Black "Palacios Latasa, Elias"]
[Result "0-1"]
[WhiteElo "2107"]
[BlackElo "2171"]
[PlyCount "0"]
[WhiteTeam "Delicias"]
[BlackTeam "Iberajedrez Mundo 64"]
[EventDate "2023.01.28"]

1. d4 Nf6 2. Bg5 Ne4 3. Bf4 c5 4. f3 Qa5+ 5. c3 Nf6 6. d5 d6 7. e4 g6 8. Nd2
Bg7 9. Nc4 Qd8 10. a4 O-O 11. Be2 Nh5 12. Be3 f5 13. g4 fxg4 14. fxg4 Nf4 15.
Bf3 Nd7 16. Bxf4 Rxf4 17. Nh3 Rf8 18. O-O Ne5 19. Nxe5 Bxe5 20. Ng5 h6 21. Ne6
Bxe6 22. dxe6 Qb6 23. Rf2 c4 24. Qe2 Rf6 25. Kg2 Raf8 26. Raf1 Qc5 27. g5 hxg5
28. Bg4 Bf4 29. Rf3 Kg7 30. h3 b6 31. Qf2 Qc6 32. Qc2 a6 33. Rd1 Be5 34. Rdf1
Rxf3 35. Rxf3 Bf4 36. Rf1 d5 37. Bf3 g4 38. hxg4 Rh8 39. Rh1 Rxh1 40. Kxh1 Qxe6
41. Qe2 dxe4 42. Qxe4 Qxe4 43. Bxe4 Bc1 44. Bd5 Bxb2 45. Bxc4 a5 46. Kg2 Kf6
47. Kf3 Ke5 48. Bd3 g5 49. Bb5 Bxc3 50. Bc6 Kd4 51. Bb5 e5 52. Ke2 Ke4 53. Bd7
Kf4 54. Kd3 Bb4 55. Ke2 Bc5 56. Be6 b5 57. axb5 a4 58. Bd7 a3 59. Be6 e4 60.
Kf1 Kf3 61. Ke1 e3 62. Bd5+ Kxg4 63. Ke2 Kg3 64. Bc4 g4 65. Kf1 Kh2 0-1

[Event "Ctor por Equipos de Aragon-Division de Honor"]
[Site ""]
[Date "2023.03.25"]
[Round "9.15"]
[White "Villalba Embid, Marcos"]
[Black "Llanes Luno, Pedro Alfredo"]
[Result "1-0"]
[WhiteElo "2125"]
[BlackElo "2048"]
[PlyCount "0"]
[WhiteTeam "Iberajedrez Mundo 64"]
[BlackTeam "Delicias"]
[EventDate "2023.01.28"]

1. e4 c5 2. Ne2 Nc6 3. d4 cxd4 4. Nxd4 Nf6 5. Nc3 d6 6. Bg5 Bd7 7. Qd2 Rc8 8.
O-O-O Nxd4 9. Qxd4 Qa5 10. f4 Qc5 11. Be2 h6 12. Bh4 g5 13. Qxc5 Rxc5 14. Bf2
Rc8 15. e5 Ng4 16. Bd4 dxe5 17. fxe5 f6 18. e6 Bxe6 19. h3 Ne5 20. Bxe5 fxe5
21. Rhf1 h5 22. Bb5+ Rc6 23. Nd5 Bd7 24. Bxc6 bxc6 25. Nc7+ 1-0

[Event "Ctor por Equipos de Aragon-Division de Honor"]
[Site ""]
[Date "2023.03.25"]
[Round "9.16"]
[White "Arrieta Restrepo, Steven"]
[Black "Pellicer Cerezuela, Miguel"]
[Result "1-0"]
[WhiteElo "2039"]
[BlackElo "2043"]
[PlyCount "0"]
[WhiteTeam "Monzon"]
[BlackTeam "L'Aurora Estadilla"]
[EventDate "2023.01.28"]

1. e4 e6 2. d4 d5 3. e5 c5 4. c3 Nc6 5. Nf3 Nh6 6. Bd3 Nf5 7. Bxf5 exf5 8. O-O
Be6 9. a3 h6 10. dxc5 Bxc5 11. b4 Be7 12. Be3 O-O 13. Nbd2 Qc7 14. Bd4 Nxd4 15.
cxd4 Rfc8 16. Rc1 Qxc1 17. Qxc1 Rxc1 18. Rxc1 Rc8 19. Nb3 b6 20. g3 g5 21. Ne1
Rxc1 22. Nxc1 Kf8 23. Kf1 Ke8 24. Ke2 Bc8 25. f4 Ba6+ 26. Kd2 Kd7 27. Nc2 Ke6
28. Na2 Bc4 29. Nc3 a5 30. Na4 axb4 31. Nxb4 Bd8 32. Nc3 gxf4 33. gxf4 h5 34.
Ke3 f6 35. Nc6 Bc7 36. a4 Kd7 37. Nb4 Ke6 38. Nb5 Bxb5 39. axb5 fxe5 40. fxe5
Bd8 41. Nc6 Be7 42. Nxe7 Kxe7 43. Kf4 Ke6 44. h4 1-0

[Event "Ctor por Equipos de Aragon-Division de Honor"]
[Site ""]
[Date "2023.03.25"]
[Round "9.17"]
[White "Pellicer Cemeli, Jose Luis"]
[Black "Barranco Mananet, Fernando"]
[Result "1/2-1/2"]
[WhiteElo "1955"]
[BlackElo "2005"]
[PlyCount "0"]
[WhiteTeam "L'Aurora Estadilla"]
[BlackTeam "Monzon"]
[EventDate "2023.01.28"]

1. d4 Nf6 2. c4 e6 3. Nc3 Bb4 4. f3 d5 5. a3 Bxc3+ 6. bxc3 h6 7. Qc2 Nbd7 8.
cxd5 exd5 9. e4 dxe4 10. fxe4 O-O 11. e5 Qe7 12. Nf3 c5 13. Be2 Nd5 14. O-O
cxd4 15. cxd4 N7b6 16. Bd2 Be6 17. Qe4 f5 18. exf6 Nxf6 19. Qh4 Bc4 20. Bxc4+
Nxc4 21. Bb4 Qe3+ 22. Kh1 Rfe8 23. Rae1 Qd3 24. Rd1 Qe4 25. Rfe1 Qxh4 26. Nxh4
Ne4 27. Rc1 b5 28. Kg1 a5 29. Bc5 Nxc5 30. Rxe8+ Rxe8 31. dxc5 1/2-1/2